000 00232 a2200097 4500
001 41786
100 _aMcloughlin E V
245 _aThe Book of Knowledge (Vol-VII)
260 _aNew York
_bGrolier Society
_c
090 _c25897
_d25897
942 _aNUST-CAE
_cM
_c17665
999 _c276859
_d276859